000
00502nam a2200133Ia 4500
008
100328s9999 xx 000 0 und d
082
_b
14569
100
_a
जागीरदार प्र.ज.
245
_a
काही विचारवंत काही इतिहास
260
_b
विनायक
630
_a
काही विचारवंत काही इतिहास
730
_a
काही विचारवंत काही इतिहास
942
_c
BOOK
999
_c
509501
_d
509498